000
00309nam a2200133Ia 4500
100
_a
Gupta/Premkumar/ Hira/D.S
942
_c
BK
654
_a
Operation
245
_a
Operation Research:An Introduction
260
_b
S.Chand
_a
New Delhi
_c
1986
082
_a
658.4034
_b
GUP
300
_a
918
546
_a
ENGLISH
999
_c
30560
_d
30560